000 00597nam a2200229Ia 4500
003 OSt
005 20220928103611.0
006 a|||||r|||| 00| 0
007 ta
008 220927b |||||||| |||| 00| 0 eng d
024 _a53002
037 _cTextual
040 _aSDCL
_cSDCL
_beng
041 _2eng
_aeng
082 _aO152,6N351x, L3
100 _aRay Kuber Nath
_9405396
245 0 _aVishad Yog.
260 _aDelhi
_bNational Publishng House
_c1973
300 _a226p.
_ccm.
942 _hO152,6N351x, L3
_cTEXL
_2CC
999 _c721046
_d721046